Barrios de Pamplona - Estadísticas

Estadísticas generales
  • Esta prueba ha sido intentada 157 veces
  • La puntuación promedio es 16 de 30
Respuestas en el mapa
Las respuestas están codificadas por una escala verde-roja en el mapa de la prueba según el % correcto abajo.
 
Estadísticas de respuestas
Barrio / Zona % Correcto
Rochapea / Arrotxapea
96%
San Juan / Donibane
86%
San Jorge / Sanduzelai
82%
Casco Antiguo / Alde Zaharra
80%
Segundo Ensanche / Bigarren Zabalgunea
80%
Txantrea
80%
Iturrama
75%
Milagrosa / Arrosadia
74%
Lezkairu
70%
Mendillorri
70%
Mendebaldea
63%
Ciudadela - Taconera
59%
Ripagaina / Erripagaña
57%
Buztintxuri - Euntzetxiki
55%
Primer Ensanche / Lehen Zabalgunea
54%
Azpilagaña
53%
Ermitagaña
51%
Beloso
49%
Aranzadi / Arantzadi
45%
Etxabakoitz
37%
Magdalena
32%
Landaben
30%
Campus Universidad de Navarra
29%
Orvina - Ezkaba
28%
Santa María la Real
28%
Irunlarrea / Zona Hospitalaria
25%
Berichitos / Biritxitu
22%
Santa Lucía - Agustinos
21%
Trinitarios
21%
Monte Ezkaba
20%
No se encontraron pruebas coincidentes
Distribución de puntuación
Porcentaje de gente con cada puntuación
Porcentaje por número respondido
Historial de tus puntuaciones
No has intentado esta prueba.